Giáo trình bảo hiểm
Gorde:
| Formatua: | Liburua |
|---|---|
| Argitaratua: |
Nxb. Hà Nội
2008
|
| Etiketak: |
Etiketa erantsi
Etiketarik gabe, Izan zaitez lehena erregistro honi etiketa jartzen!
|
| Thư viện lưu trữ: | Mạng thư viện Đại học Đà Nẵng |
|---|
| LEADER | 00527nam a2200217 a 4500 | ||
|---|---|---|---|
| 001 | 000029807 | ||
| 003 | 32302 | ||
| 005 | 20171030145630.0 | ||
| 008 | 171030s2008 | ||
| 020 | |c 56000 | ||
| 040 | |a LTT | ||
| 082 | 0 | |a 368 |b Gi-T | |
| 245 | 0 | 0 | |a Giáo trình bảo hiểm |c biên soạn : Trần Trọng Khoái. |
| 260 | |b Nxb. Hà Nội |c 2008 | ||
| OWN | |a LTT | ||
| 999 | |a From the UDN01 | ||
| TYP | |a Monograph | ||
| TYP | |a Printed language | ||
| 980 | |a Mạng thư viện Đại học Đà Nẵng | ||